Westervelt's Post, Chester, New York (Record no. 1314)

000 -LEADER
fixed length control field 00299nam a22001217a 4500
003 - CONTROL NUMBER IDENTIFIER
control field OSt
008 - FIXED-LENGTH DATA ELEMENTS--GENERAL INFORMATION
fixed length control field 150420b xxu||||| |||| 00| 0 eng d
041 ## - LANGUAGE CODE
Language code of text/sound track or separate title eng
100 1# - MAIN ENTRY--PERSONAL NAME
Personal name Johnson, Iver R.
245 10 - TITLE STATEMENT
Title Westervelt's Post, Chester, New York
260 ## - PUBLICATION, DISTRIBUTION, ETC. (IMPRINT)
Place of publication, distribution, etc. Chester, N.Y.
Name of publisher, distributor, etc. Iver R. Johnson
300 ## - PHYSICAL DESCRIPTION
Extent 0 pages
Holdings
Withdrawn status Lost status Damaged status Not for loan Collection code Permanent Location Current Location Date acquired Total Checkouts Full call number Barcode Date last seen Price effective from Koha item type
        Richard Drews Northern Philatelic Library Northern Philatelic Library 04/20/2015   G3804 .C53 J67w 1001604 06/28/2015 06/28/2015 Books

Powered by Koha